书目信息 |
| 书名: | Text-book of geology | |
| 作者: | by Sir Archibald Geikie | |
| 分册号: | ||
| 分册名: | 出版地: | London : |
|
| 出版社: | Macmillan and Co | |
| 出版时间: | 1903. | |
| 页数: | 2 v. : | |
| 开本: | 23 cm. | |
| 丛书名: | ||
| 中图分类号: | ||
| 科图分类号: | ||
| 其他分类号: | G31 | |
| 主题词: | ||
| 电子资源: | ||
| 000 | 00692nam 2200217 a 4500 | |
| 001 | E0753516768 | |
| 004 | 001156705 | |
| 005 | 20070514145929.62 | |
| 008 | 4001uueng0000000 | |
| 040 | @aCcBjTSG | |
| 090 | @aQE26 @bG31/1903 | |
| 090 | @aG31 | |
| 096 | @aQE26 | |
| 099 | @dG31@ex13=4 | |
| 100 | 1 | @aGeikie, Archibald, @cSir, @d1835-1924. |
| 245 | 10 | @aText-book of geology / @cby Sir Archibald Geikie |
| 250 | @a4th ed., rev. & enl. | |
| 260 | @aLondon :@bMacmillan and Co.,@c1903. | |
| 300 | @a2 v. :@bfront. (fold. plate), ill., tables (l fold.) map ;@c23 cm. | |
| 650 | 0 | @aGeology. @b40 @c20050414 @lNLC09 @h1625 @b40 @c20050701 @lNLC09 @h1646 |
| 852 | 01 | @bWWJC @cJ17N @hQE26 @iG31/1903 |
| Text-book of geology / / by Sir Archibald Geikie.-4th ed., rev. & enl.-London : : Macmillan and Co., , 1903. |
| 2 v. : : front. (fold. plate), ill., tables (l fold.) map ; ; 23 cm. |
| ISBN |
| ● |
| 相关链接 |
|
|
|
|
正题名:Text-book of geology
索取号:G31/x13=4
 
预约/预借
| 序号 | 登录号 | 条形码 | 馆藏地/架位号 | 状态 | 备注 |
| 1 | 0008877 | 300088777 | 第二样本阅览室/ [索取号:G31/x13=4] | 在馆 |